| 000 | 00876nam a2200277 a 4500 | ||
|---|---|---|---|
| 001 | 75125 | ||
| 003 | BD-RjUL | ||
| 005 | 20211209082642.0 | ||
| 008 | 190123s1965 nyua b 000 0 eng | ||
| 035 | _a(BD-RjUL)75343 | ||
| 035 | _a(OCoLC)489780 | ||
| 040 |
_aDLC _cODaWU _dOCoLC _dNBrockU _dDLC _dBD-RjUL _beng |
||
| 041 | _aeng | ||
| 042 | _apremarc | ||
| 082 |
_223 _a306 _bEVP 1965 |
||
| 100 | 2 |
_aEvans-Pritchard, E. E. _q(Edward Evan), _d1902-1973. _9227292 |
|
| 245 | 1 | 4 |
_aThe position of women in primitive societies, and other essays in social anthropology / _c[by] E.E. Evans-Pritchard. |
| 260 |
_aNew York : _bFree Press, _c1965 |
||
| 300 |
_a260 p.: _billus. _c23 cm. |
||
| 504 | _aIncludes bibliographies. | ||
| 650 | 0 |
_aEthnology. _9227293 |
|
| 650 | 0 |
_aWomen _xSocial conditions. _9227294 |
|
| 942 |
_2ddc _cBK |
||
| 999 |
_c75125 _d75125 |
||